[Event "DVM U14 2022"]
[Site "Kelheim GER"]
[Date "2022.12.28"]
[Round "4"]
[White "Marinin, Georgii"]
[Black "Rogalski, Niclas"]
[Result "1/2-1/2"]
[Termination "normal"]
[Board "5.2"]
[WhiteElo "1425"]
[BlackElo "1523"]
[WhiteClock "00:46:34"]
[BlackClock "00:21:58"]
[WhiteTeam "SV Stuttgart-Wolfbusch 1956 e.V."]
[BlackTeam "SK Blauer Springer Paderborn 1926 e. V."]
[PlyCount "121"]
[WhiteFideId "34617140"]
[BlackFideId "34640320"]
[EventCountry "GER"]
[EventRounds "7"]
[EventType "team-swiss"]
[EventDate "2022.12.26"]

1. d4 {[%clk 01:30:57]} {[%emt 00:00:03]} Nf6 {[%clk 01:30:55]} {[%emt
00:00:05]} 2. c4 {[%clk 01:31:23]} {[%emt 00:00:04]} g6 {[%clk 01:31:20]}
{[%emt 00:00:05]} 3. Nc3 {[%clk 01:31:47]} {[%emt 00:00:06]} Bg7 {[%clk
01:31:43]} {[%emt 00:00:07]} 4. Nf3 {[%clk 01:32:11]} {[%emt 00:00:06]} O-O
{[%clk 01:31:57]} {[%emt 00:00:16]} 5. g3 {[%clk 01:32:38]} {[%emt 00:00:03]}
d6 {[%clk 01:32:16]} {[%emt 00:00:12]} 6. Bg2 {[%clk 01:33:03]} {[%emt
00:00:05]} Nc6 {[%clk 01:31:16]} {[%emt 00:01:30]} 7. O-O {[%clk 01:33:12]}
{[%emt 00:00:21]} e5 {[%clk 01:31:16]} {[%emt 00:00:30]} 8. e4 {[%clk
01:30:06]} {[%emt 00:03:35]} Re8 {[%clk 01:26:38]} {[%emt 00:05:08]} 9. d5
{[%clk 01:30:06]} {[%emt 00:00:30]} Ne7 {[%clk 01:25:46]} {[%emt 00:01:22]} 10.
b4 {[%clk 01:28:26]} {[%emt 00:02:10]} a5 {[%clk 01:23:50]} {[%emt 00:02:26]}
11. b5 {[%clk 01:23:58]} {[%emt 00:04:58]} Nd7 {[%clk 01:22:11]} {[%emt
00:02:10]} 12. Ne1 {[%clk 01:23:29]} {[%emt 00:00:59]} Nc5 {[%clk 01:15:22]}
{[%emt 00:07:18]} 13. Nd3 {[%clk 01:18:53]} {[%emt 00:05:06]} Nxd3 {[%clk
01:13:57]} {[%emt 00:01:55]} 14. Qxd3 {[%clk 01:19:03]} {[%emt 00:00:20]} f5
{[%clk 01:11:41]} {[%emt 00:02:46]} 15. a4 {[%clk 01:16:12]} {[%emt 00:03:22]}
fxe4 {[%clk 01:04:32]} {[%emt 00:07:38]} 16. Nxe4 {[%clk 01:13:41]} {[%emt
00:03:01]} Rf8 {[%clk 00:58:01]} {[%emt 00:07:01]} 17. Bb2 {[%clk 01:10:27]}
{[%emt 00:03:44]} Nf5 {[%clk 00:44:57]} {[%emt 00:13:34]} 18. f4 {[%clk
01:03:09]} {[%emt 00:07:48]} Qe7 {[%clk 00:32:07]} {[%emt 00:13:20]} 19. fxe5
{[%clk 01:00:08]} {[%emt 00:03:31]} Bxe5 {[%clk 00:29:17]} {[%emt 00:03:20]}
20. Bxe5 {[%clk 01:00:21]} {[%emt 00:00:17]} Qxe5 {[%clk 00:29:04]} {[%emt
00:00:44]} 21. Rae1 {[%clk 00:51:42]} {[%emt 00:09:09]} Qd4 {[%clk 00:17:05]}
{[%emt 00:12:28]} 22. Qxd4 {[%clk 00:51:44]} {[%emt 00:00:28]} Nxd4 {[%clk
00:17:31]} {[%emt 00:00:04]} 23. Nf6 {[%clk 00:50:49]} {[%emt 00:01:25]} Kg7
{[%clk 00:14:31]} {[%emt 00:03:31]} 24. Ne8 {[%clk 00:50:59]} {[%emt 00:00:19]}
Kg8 {[%clk 00:14:35]} {[%emt 00:00:26]} 25. Rxf8 {[%clk 00:50:10]} {[%emt
00:01:19]} Kxf8 {[%clk 00:15:01]} {[%emt 00:00:04]} 26. Nxc7 {[%clk 00:50:32]}
{[%emt 00:00:08]} Rb8 {[%clk 00:15:04]} {[%emt 00:00:27]} 27. Re8 {[%clk
00:50:39]} {[%emt 00:00:23]} Kf7 {[%clk 00:15:13]} {[%emt 00:00:22]} 28. Bh3
{[%clk 00:49:56]} {[%emt 00:01:12]} Nf5 {[%clk 00:15:33]} {[%emt 00:00:09]} 29.
Re1 {[%clk 00:50:08]} {[%emt 00:00:19]} Nd4 {[%clk 00:11:19]} {[%emt 00:04:45]}
30. Kg2 {[%clk 00:47:00]} {[%emt 00:03:37]} Bxh3 {[%clk 00:10:23]} {[%emt
00:01:25]} 31. Kxh3 {[%clk 00:47:29]} {[%emt 00:00:02]} Rc8 {[%clk 00:10:27]}
{[%emt 00:00:27]} 32. b6 {[%clk 00:46:39]} {[%emt 00:01:19]} Nb3 {[%clk
00:09:17]} {[%emt 00:01:38]} 33. Rb1 {[%clk 00:43:51]} {[%emt 00:03:20]} Nc5
{[%clk 00:08:42]} {[%emt 00:01:05]} 34. Nb5 {[%clk 00:40:23]} {[%emt 00:03:58]}
Ke7 {[%clk 00:07:02]} {[%emt 00:02:10]} 35. Re1 {[%clk 00:39:55]} {[%emt
00:00:57]} Kd7 {[%clk 00:07:07]} {[%emt 00:00:26]} 36. Nc3 {[%clk 00:39:41]}
{[%emt 00:00:44]} Re8 {[%clk 00:06:04]} {[%emt 00:01:33]} 37. Rxe8 {[%clk
00:35:31]} {[%emt 00:04:39]} Kxe8 {[%clk 00:06:29]} {[%emt 00:00:06]} 38. Kg4
{[%clk 00:35:57]} {[%emt 00:00:04]} Kf7 {[%clk 00:06:25]} {[%emt 00:00:33]} 39.
Kg5 {[%clk 00:35:26]} {[%emt 00:01:01]} Kg7 {[%clk 00:06:27]} {[%emt 00:00:29]}
40. h4 {[%clk 00:34:37]} {[%emt 00:01:19]} h6 {[%clk 00:06:34]} {[%emt
00:00:22]} 41. Kf4 {[%clk 00:34:36]} {[%emt 00:00:31]} Kf8 {[%clk 00:04:51]}
{[%emt 00:02:13]} 42. Ne4 {[%clk 00:34:12]} {[%emt 00:00:54]} Nxa4 {[%clk
00:04:31]} {[%emt 00:00:50]} 43. Nxd6 {[%clk 00:34:34]} {[%emt 00:00:09]} Nxb6
{[%clk 00:04:54]} {[%emt 00:00:06]} 44. Nxb7 {[%clk 00:24:23]} {[%emt
00:10:42]} a4 {[%clk 00:04:39]} {[%emt 00:00:45]} 45. Nc5 {[%clk 00:21:51]}
{[%emt 00:03:02]} a3 {[%clk 00:04:44]} {[%emt 00:00:25]} 46. Ke5 {[%clk
00:22:02]} {[%emt 00:00:18]} a2 {[%clk 00:04:32]} {[%emt 00:00:44]} 47. Nb3
{[%clk 00:22:23]} {[%emt 00:00:08]} Nxc4 {[%clk 00:04:21]} {[%emt 00:00:40]}
48. Kf6 {[%clk 00:22:44]} {[%emt 00:00:10]} Ke8 {[%clk 00:04:00]} {[%emt
00:00:51]} 49. Kxg6 {[%clk 00:23:03]} {[%emt 00:00:11]} Ne3 {[%clk 00:00:56]}
{[%emt 00:03:33]} 50. Kxh6 {[%clk 00:22:47]} {[%emt 00:00:47]} Nxd5 {[%clk
00:01:03]} {[%emt 00:00:22]} 51. g4 {[%clk 00:23:00]} {[%emt 00:00:18]} Kf7
{[%clk 00:01:18]} {[%emt 00:00:15]} 52. g5 {[%clk 00:23:08]} {[%emt 00:00:23]}
Ne7 {[%clk 00:28:34]} {[%emt 00:03:14]} 53. h5 {[%clk 00:50:56]} {[%emt
00:02:41]} Ng8 {[%clk 00:23:59]} {[%emt 00:05:04]} 54. Kh7 {[%clk 00:51:16]}
{[%emt 00:00:10]} Nf6 {[%clk 00:21:18]} {[%emt 00:03:11]} 55. gxf6 {[%clk
00:50:56]} {[%emt 00:00:50]} Kxf6 {[%clk 00:21:44]} {[%emt 00:00:05]} 56. Na1
{[%clk 00:46:32]} {[%emt 00:04:54]} Kf7 {[%clk 00:21:48]} {[%emt 00:00:26]} 57.
Kh8 {[%clk 00:46:07]} {[%emt 00:00:54]} Kf6 {[%clk 00:21:17]} {[%emt 00:01:02]}
58. Nb3 {[%clk 00:46:08]} {[%emt 00:00:29]} Kg5 {[%clk 00:21:37]} {[%emt
00:00:10]} 59. Kg7 {[%clk 00:46:08]} {[%emt 00:00:30]} Kxh5 {[%clk 00:21:58]}
{[%emt 00:00:08]} 60. Kf6 {[%clk 00:46:34]} {[%emt 00:00:05]} a1=Q {[%emt
00:00:34]} 61. Nxa1 {[%emt 00:00:10]} 1/2-1/2

[Event "DVM U14 2022"]
[Site "Kelheim GER"]
[Date "2022.12.28"]
[Round "4"]
[White "Klerx, Philipp"]
[Black "Friedrich, Timofej"]
[Result "1/2-1/2"]
[Termination "normal"]
[Board "5.3"]
[WhiteElo "1400"]
[BlackElo "1461"]
[WhiteClock "00:23:01"]
[BlackClock "00:30:17"]
[WhiteTeam "SK Blauer Springer Paderborn 1926 e. V."]
[BlackTeam "SV Stuttgart-Wolfbusch 1956 e.V."]
[PlyCount "87"]
[WhiteFideId "34640274"]
[BlackFideId "34617191"]
[EventCountry "GER"]
[EventRounds "7"]
[EventType "team-swiss"]
[EventDate "2022.12.26"]

1. e4 {[%clk 01:30:59]} c6 {[%clk 01:30:54]} {[%emt 00:00:06]} 2. d4 {[%clk
01:31:24]} {[%emt 00:00:05]} d5 {[%clk 01:31:18]} {[%emt 00:00:06]} 3. e5
{[%clk 01:31:27]} {[%emt 00:00:27]} Bf5 {[%clk 01:31:25]} {[%emt 00:00:24]} 4.
g4 {[%clk 01:31:03]} {[%emt 00:00:52]} Bg6 {[%clk 01:31:36]} {[%emt 00:00:20]}
5. h4 {[%clk 01:30:25]} {[%emt 00:01:08]} h5 {[%clk 01:31:51]} {[%emt
00:00:16]} 6. e6 {[%clk 01:25:24]} {[%emt 00:05:31]} hxg4 {[%clk 01:23:59]}
{[%emt 00:08:22]} 7. Bd3 {[%clk 01:12:29]} {[%emt 00:13:26]} Bxd3 {[%clk
01:19:30]} {[%emt 00:04:58]} 8. exf7 {[%clk 01:10:59]} {[%emt 00:02:00]} Kxf7
{[%clk 01:19:02]} {[%emt 00:00:58]} 9. Qxd3 {[%clk 01:11:19]} {[%emt 00:00:10]}
e6 {[%clk 01:14:22]} {[%emt 00:05:10]} 10. h5 {[%clk 01:02:24]} {[%emt
00:09:25]} Nf6 {[%clk 01:01:32]} {[%emt 00:13:20]} 11. Bg5 {[%clk 00:55:39]}
{[%emt 00:07:15]} Nbd7 {[%clk 01:00:10]} {[%emt 00:01:52]} 12. f3 {[%clk
00:55:21]} {[%emt 00:00:48]} e5 {[%clk 00:50:08]} {[%emt 00:10:32]} 13. Nd2
{[%emt 00:30:13]} e4 {[%clk 00:37:33]} {[%emt 00:01:30]} 14. fxe4 {[%clk
00:36:30]} {[%emt 00:01:13]} dxe4 {[%clk 00:37:11]} {[%emt 00:00:52]} 15. Qb3
{[%clk 00:32:56]} {[%emt 00:04:05]} Ke8 {[%emt 00:04:10]} 16. O-O-O {[%clk
00:32:43]} Qa5 {[%clk 00:29:41]} {[%emt 00:05:01]} 17. Nxe4 {[%clk 00:26:41]}
{[%emt 00:06:31]} Qf5 {[%clk 00:23:50]} {[%emt 00:06:21]} 18. Bxf6 {[%clk
00:25:37]} {[%emt 00:01:34]} gxf6 {[%clk 00:22:20]} {[%emt 00:02:01]} 19. Re1
{[%clk 00:21:05]} {[%emt 00:05:02]} Qf4 {[%clk 00:20:03]} {[%emt 00:02:46]} 20.
Kb1 {[%clk 00:18:23]} {[%emt 00:03:12]} Kd8 {[%clk 00:17:28]} {[%emt 00:03:06]}
21. Qxb7 {[%clk 00:14:37]} {[%emt 00:04:16]} Rb8 {[%clk 00:17:48]} {[%emt
00:00:09]} 22. Qxa7 {[%clk 00:14:39]} {[%emt 00:00:29]} g3 {[%clk 00:14:25]}
{[%emt 00:03:52]} 23. Nh3 {[%clk 00:13:18]} {[%emt 00:01:52]} Qf3 {[%clk
00:13:37]} {[%emt 00:01:18]} 24. Rhf1 {[%clk 00:12:27]} {[%emt 00:01:21]} Qa3
{[%clk 00:09:22]} {[%emt 00:04:45]} 25. Qxa3 {[%emt 00:02:21]} Bxa3 {[%clk
00:09:38]} {[%emt 00:00:10]} 26. b3 {[%clk 00:11:09]} {[%emt 00:00:01]} Rxh5
{[%clk 00:09:28]} {[%emt 00:00:39]} 27. Nf4 {[%clk 00:10:48]} {[%emt 00:00:51]}
Rh2 {[%clk 00:08:25]} {[%emt 00:01:33]} 28. Nxg3 {[%clk 00:09:50]} {[%emt
00:01:28]} Bd6 {[%clk 00:08:18]} {[%emt 00:00:37]} 29. Ne6 {[%clk 00:09:38]}
{[%emt 00:00:43]} Kc8 {[%clk 00:08:17]} {[%emt 00:00:31]} 30. Ne4 {[%clk
00:09:28]} {[%emt 00:00:40]} Bc7 {[%clk 00:08:18]} {[%emt 00:00:28]} 31. N6c5
{[%clk 00:09:11]} {[%emt 00:00:48]} Bb6 {[%clk 00:07:31]} {[%emt 00:01:17]} 32.
Nd6 {[%clk 00:08:16]} {[%emt 00:01:25]} Kc7 {[%clk 00:07:24]} {[%emt 00:00:37]}
33. Na6 {[%clk 00:08:06]} {[%emt 00:00:40]} Kxd6 {[%clk 00:07:44]} {[%emt
00:00:10]} 34. Nxb8 {[%clk 00:08:28]} {[%emt 00:00:08]} Nxb8 {[%clk 00:08:02]}
{[%emt 00:00:12]} 35. Rxf6 {[%clk 00:08:54]} {[%emt 00:00:04]} Kd7 {[%clk
00:05:43]} {[%emt 00:02:48]} 36. d5 {[%clk 00:08:21]} {[%emt 00:01:04]} Ba5
{[%clk 00:04:36]} {[%emt 00:01:38]} 37. dxc6 {[%clk 00:07:06]} {[%emt
00:01:44]} Nxc6 {[%clk 00:04:36]} {[%emt 00:00:30]} 38. Rd1 {[%clk 00:07:19]}
{[%emt 00:00:17]} Kc7 {[%clk 00:04:00]} {[%emt 00:01:06]} 39. Rf7 {[%clk
00:06:22]} {[%emt 00:01:26]} Kb6 {[%clk 00:04:14]} {[%emt 00:00:16]} 40. a3
{[%clk 00:05:05]} {[%emt 00:01:48]} Bc3 {[%clk 00:04:15]} {[%emt 00:00:29]} 41.
Rf3 {[%clk 00:04:35]} {[%emt 00:00:59]} Be5 {[%clk 00:03:14]} {[%emt 00:01:32]}
42. a4 {[%clk 00:03:25]} {[%emt 00:01:40]} Nd4 {[%clk 00:03:02]} {[%emt
00:00:41]} 43. Rfd3 {[%clk 00:02:09]} {[%emt 00:01:46]} Ne2 {[%clk 00:30:17]}
{[%emt 00:03:16]} 44. Re1 {[%clk 00:23:01]} {[%emt 00:09:39]} 1/2-1/2

[Event "DVM U14 2022"]
[Site "Kelheim GER"]
[Date "2022.12.28"]
[Round "4"]
[White "Nhan, Jinhon Raymon"]
[Black "Semling, Julius"]
[Result "1/2-1/2"]
[Termination "normal"]
[Board "6.1"]
[WhiteElo "1511"]
[BlackElo "1915"]
[WhiteClock "00:01:36"]
[BlackClock "00:35:22"]
[WhiteTeam "Schachvereinigung 1920 Plettenberg e. V."]
[BlackTeam "OSG Baden-Baden"]
[PlyCount "80"]
[WhiteFideId "16284690"]
[BlackFideId "16290160"]
[EventCountry "GER"]
[EventRounds "7"]
[EventType "team-swiss"]
[EventDate "2022.12.26"]

1. d4 {[%clk 01:30:57]} {[%emt 00:00:03]} d5 {[%clk 01:30:48]} {[%emt
00:00:13]} 2. c4 {[%clk 01:31:14]} {[%emt 00:00:12]} e6 {[%clk 01:31:13]}
{[%emt 00:00:05]} 3. Nf3 {[%clk 01:31:28]} {[%emt 00:00:16]} Nf6 {[%clk
01:31:19]} {[%emt 00:00:24]} 4. Nc3 {[%clk 01:31:38]} {[%emt 00:00:21]} c5
{[%clk 01:31:40]} {[%emt 00:00:09]} 5. e3 {[%clk 01:31:27]} {[%emt 00:00:41]}
Nc6 {[%clk 01:31:31]} {[%emt 00:00:39]} 6. b3 {[%clk 01:30:10]} {[%emt
00:01:47]} cxd4 {[%clk 01:29:04]} {[%emt 00:02:58]} 7. Nxd4 {[%clk 01:27:48]}
{[%emt 00:02:52]} Bb4 {[%clk 01:29:04]} {[%emt 00:00:30]} 8. Bb2 {[%clk
01:26:22]} {[%emt 00:01:56]} Ne4 {[%clk 01:28:29]} {[%emt 00:01:06]} 9. Qc2
{[%clk 01:22:21]} {[%emt 00:04:30]} Nxd4 {[%clk 01:27:32]} {[%emt 00:01:27]}
10. exd4 {[%clk 01:22:35]} {[%emt 00:00:17]} Qa5 {[%clk 01:27:49]} {[%emt
00:00:20]} 11. Rc1 {[%clk 01:19:37]} {[%emt 00:03:20]} Qxa2 {[%clk 01:26:23]}
{[%emt 00:01:56]} 12. Bd3 {[%clk 01:15:56]} {[%emt 00:04:12]} Bxc3 {[%clk
01:25:16]} {[%emt 00:01:36]} 13. Bxc3 {[%clk 01:16:08]} {[%emt 00:00:18]} Qxc2
{[%clk 01:25:43]} {[%emt 00:00:03]} 14. Rxc2 {[%clk 01:16:22]} {[%emt
00:00:16]} Nxc3 {[%clk 01:26:06]} {[%emt 00:00:07]} 15. Rxc3 {[%clk 01:16:32]}
{[%emt 00:00:20]} Bd7 {[%clk 01:24:39]} {[%emt 00:01:57]} 16. O-O {[%clk
01:14:20]} {[%emt 00:02:42]} Bc6 {[%clk 01:23:35]} {[%emt 00:01:33]} 17. c5
{[%clk 01:10:07]} {[%emt 00:04:43]} Kd7 {[%clk 01:21:56]} {[%emt 00:02:08]} 18.
b4 {[%clk 01:08:33]} {[%emt 00:02:05]} a6 {[%clk 01:22:15]} {[%emt 00:00:11]}
19. Ra1 {[%clk 01:04:16]} {[%emt 00:04:47]} Bb5 {[%clk 01:19:31]} {[%emt
00:03:13]} 20. Bxb5 {[%clk 00:56:49]} {[%emt 00:07:59]} axb5 {[%clk 01:20:00]}
{[%emt 00:00:02]} 21. Rca3 {[%clk 00:56:58]} {[%emt 00:00:21]} Rxa3 {[%clk
01:18:54]} {[%emt 00:01:35]} 22. Rxa3 {[%clk 00:57:26]} {[%emt 00:00:02]} Kc6
{[%clk 01:15:44]} {[%emt 00:03:40]} 23. Kf1 {[%clk 00:54:16]} {[%emt 00:03:40]}
Re8 {[%clk 01:13:24]} {[%emt 00:02:50]} 24. Ke2 {[%clk 00:45:09]} {[%emt
00:09:36]} f6 {[%clk 01:08:39]} {[%emt 00:05:14]} 25. f4 {[%clk 00:40:43]}
{[%emt 00:04:56]} e5 {[%clk 01:06:43]} {[%emt 00:02:27]} 26. Re3 {[%clk
00:40:23]} {[%emt 00:00:50]} e4 {[%clk 01:06:55]} {[%emt 00:00:20]} 27. Ra3
{[%clk 00:39:44]} {[%emt 00:01:08]} f5 {[%clk 01:02:40]} {[%emt 00:04:46]} 28.
Ke3 {[%clk 00:27:53]} {[%emt 00:12:20]} h6 {[%clk 00:58:26]} {[%emt 00:04:44]}
29. h4 {[%clk 00:25:58]} {[%emt 00:02:25]} Rg8 {[%clk 00:57:00]} {[%emt
00:01:56]} 30. Kf2 {[%clk 00:21:56]} {[%emt 00:04:34]} g5 {[%clk 00:48:07]}
{[%emt 00:09:22]} 31. Rg3 {[%clk 00:20:30]} {[%emt 00:01:56]} g4 {[%clk
00:47:43]} {[%emt 00:00:54]} 32. Ra3 {[%clk 00:19:46]} {[%emt 00:01:14]} Re8
{[%clk 00:47:33]} {[%emt 00:00:40]} 33. Ke2 {[%clk 00:11:56]} {[%emt 00:08:20]}
Kc7 {[%clk 00:46:52]} {[%emt 00:01:10]} 34. g3 {[%clk 00:08:34]} {[%emt
00:03:53]} Kc6 {[%clk 00:44:57]} {[%emt 00:02:25]} 35. Ke3 {[%clk 00:08:30]}
{[%emt 00:00:34]} Kc7 {[%clk 00:43:51]} {[%emt 00:01:35]} 36. Ra5 {[%clk
00:07:35]} {[%emt 00:01:25]} Kc6 {[%clk 00:43:06]} {[%emt 00:01:15]} 37. Ra3
{[%clk 00:07:42]} {[%emt 00:00:23]} Rb8 {[%clk 00:43:05]} {[%emt 00:00:31]} 38.
Ra5 {[%clk 00:05:24]} {[%emt 00:02:48]} Rf8 {[%clk 00:43:07]} {[%emt 00:00:28]}
39. Ra3 {[%clk 00:03:37]} {[%emt 00:02:17]} Kc7 {[%clk 00:43:13]} {[%emt
00:00:24]} 40. Ra5 {[%clk 00:01:36]} {[%emt 00:02:31]} Kc6 {[%clk 00:35:22]}
{[%emt 00:08:21]} 1/2-1/2

[Event "DVM U14 2022"]
[Site "Kelheim GER"]
[Date "2022.12.28"]
[Round "4"]
[White "Semling, Johannes"]
[Black "Nhan, Jiehou"]
[Result "1-0"]
[Termination "normal"]
[Board "6.2"]
[WhiteElo "1794"]
[BlackElo "1378"]
[WhiteClock "01:26:29"]
[BlackClock "01:24:59"]
[WhiteTeam "OSG Baden-Baden"]
[BlackTeam "Schachvereinigung 1920 Plettenberg e. V."]
[PlyCount "79"]
[WhiteFideId "16290151"]
[BlackFideId "34608214"]
[EventCountry "GER"]
[EventRounds "7"]
[EventType "team-swiss"]
[EventDate "2022.12.26"]

1. Nf3 {[%clk 01:30:44]} {[%emt 00:00:16]} Nf6 {[%clk 01:30:39]} {[%emt
00:00:21]} 2. g3 {[%clk 01:30:50]} {[%emt 00:00:23]} g6 {[%clk 01:30:36]}
{[%emt 00:00:35]} 3. b3 {[%clk 01:30:46]} {[%emt 00:00:33]} Bg7 {[%clk
01:29:57]} {[%emt 00:01:09]} 4. Bb2 {[%clk 01:30:51]} {[%emt 00:00:24]} O-O
{[%clk 01:29:27]} {[%emt 00:01:01]} 5. Bg2 {[%clk 01:31:11]} {[%emt 00:00:10]}
d5 {[%clk 01:28:55]} {[%emt 00:01:03]} 6. c4 {[%clk 01:31:04]} {[%emt
00:00:36]} e6 {[%clk 01:26:52]} {[%emt 00:02:32]} 7. O-O {[%clk 01:29:11]}
{[%emt 00:02:23]} c5 {[%clk 01:25:26]} {[%emt 00:01:57]} 8. cxd5 {[%clk
01:28:39]} {[%emt 00:01:02]} exd5 {[%clk 01:24:59]} {[%emt 00:00:56]} 9. d4
{[%emt 00:02:41]} cxd4 10. Nxd4 Nc6 11. Nxc6 bxc6 12. Nc3 Re8 13. Rc1 Ba6 14.
Re1 Ne4 15. e3 Nxc3 16. Bxc3 Bxc3 17. Rxc3 Qf6 18. Qc2 Bb7 19. Rd1 Rad8 20. Rd4
Re5 21. h4 Qe7 22. Rc5 Rd6 23. Ra5 a6 24. Bf1 Rf6 25. Qc3 Re4 26. Rxe4 dxe4 27.
Bxa6 Bxa6 28. Rxa6 Qd8 29. Kg2 Qd6 30. Qd4 Qe6 31. Ra8 Kg7 32. Qd8 Kh6 33. Qf8
Kh5 34. Qg7 Qe5 35. Ra5 Rxf2 36. Kh3 Rh2 37. Kxh2 Qxa5 38. Qxf7 h6 39. Kh3 Qe1
40. g4# {[%clk 01:26:29]} 1-0